000
00432nam a2200133Ia 4500
008
100328s9999 xx 000 0 und d
082
_b
21615
100
_a
वरेरकर भार्गवराम विठ्ठल
245
_a
शिपायाची बायको
260
_b
शेठ
630
_a
शिपायाची बायको
730
_a
शिपायाची बायको
942
_c
BOOK
999
_c
515616
_d
515613